000 00470nam a2200181Ia 4500
008 240925s9999 xx 000 0 und d
020 _a9789382291800
082 _a518.0285 LIN
100 _aLindfield, G. R.
245 0 _aNumerical Methods Using Matlab
250 _a3rd
260 _aAmsterdam:
_bElsevier
_c,2013.
300 _a549p.
_b0
_fOriginal
500 _aIncludes Index
600 _aHumanities & Natural Science
650 _aMathematics
942 _cBK
999 _c16560
_d16560